000 00434cam a2200181ua 4500
001 7125
008 141126n ii |||gr||||Z||||||eng
040 _cMAIN
041 _aeng
082 _a371
100 _aBorah, Upendra Nath,
_eAuthor.
245 _aThoughts on education
_cBy Upendra Nath Borah
250 _a2nd.
260 _aGuwahati:
_bBook land,
_c2005.
300 _a240p.
653 _aThoughts of education
942 _cBK
999 _c6251
_d6251